00525cam a22001577a 4500008004000000020001500040082001300055100001900068245008400087260006900171300000900240440005700249650002100306650002800327650001200355180718b1992 xxu||||| |||| 00| 0 eng d a8190028103 aO91 Sh69 aShiva, Vandana aTowards hope: an ecological approach to the futurecby Vandana Shiva...[et.al.] aDelhibIndian National Trust for Art and Cultural Heritagec1992 a94p. aStudies in ecology and sustainable development, no.6 aGreen revolution aSustainable development aEcology